| 000 | 00791cab a2200265 4500 | ||
|---|---|---|---|
| 001 | ABS45580 | ||
| 008 | 090401t1991 xxu||||| |||| 00| 0 eng d | ||
| 035 | _a(Sirsi) u53819 | ||
| 041 | _aeng | ||
| 100 | _aMilder, D. | ||
| 245 | _aInvesting in residential property | ||
| 260 | _c1991 | ||
| 350 | _a0 | ||
| 490 |
_aMoney Management _vDecember 1991, 41-43(3) |
||
| 520 | _aWorks out the return on a residential property for an owner occupier, demonstrating that a house is not the best form of investment. | ||
| 650 | _aHOME OWNERSHIP | ||
| 650 | _aHOUSE PRICES | ||
| 650 | _aINVESTMENT | ||
| 650 | _aRATES OF RETURN | ||
| 650 |
_aRESIDENTIAL PROPERTY _96266 |
||
| 690 | _aPROPERTY-PROPERTY FINANCE AND INVESTMENT | ||
| 690 | _aHOUSING | ||
| 942 | _n0 | ||
| 948 | _c04/03/1997 | ||
| 999 |
_c33074 _d33074 |
||